| 000 | 00805nas a2200253 4500 | ||
|---|---|---|---|
| 001 | BR7310822 | ||
| 003 | BR-BrBNA | ||
| 005 | 20231205082709.0 | ||
| 007 | ta | ||
| 008 | 230509b bl.|||p| |||| 00| 00por d | ||
| 040 |
_aBR-BrBNA _bpor _cBiblioteca Nacional de Agricultura |
||
| 041 | _a(Pt) | ||
| 072 | _aQ10 | ||
| 100 | 1 | _aGurgel, J.J.S. | |
| 100 | 1 | _aFreitas, J.V.F. | |
| 245 | 1 | _aAproveitamento final do pescado dos acudes do Nordeste brasileiro apos beneficiado | |
| 650 | _aPEIXE DE AGUA DOCE | ||
| 650 | _aBENEFICIAMENTO | ||
| 650 | _aSUBPRODUTO | ||
| 650 | _aRENDIMENTO | ||
| 773 | 0 |
_tBoletim Tecnico - Departamento Nacional de Obras Contra as Secas (Brazil) _xISSN 0374-6658 _g(Jan 1973), v. 31(1) p. 37-42 _wBR7310822 |
|
| 909 |
_a202311 _bLúcia _c55 _dLúcia Elande |
||
| 942 |
_2AGRIS _n0 _cANA |
||
| 999 |
_c93704 _d93704 |
||